000 00795cab a2200217 4500
001 ABS67468
008 040130n2003 000 0 eng u
035 _a(Sirsi) u124971
245 2 _aA part of the action : a consideration of the valuation issues relating to acquisitions and disposal of jointly held chattels in the context of Capital Gains Tax
260 _c2003
490 _aChristie's Bulletin for Professional Advisers
_vWinter 2003, 6-10(5)
520 _aHighlights valuation issues relating to acquisitions and disposal of jointly held chattels in the context of Capital Gains Tax.
590 _aABS
650 _aCHATTELS
650 _aValuation
_96273
650 _aCAPITAL GAINS TAX
650 _aDISPOSAL
650 _aACQUISITION
690 _aTAXATION
942 _n0
999 _c74091
_d74091